000 00273nam a2200121Ia 4500
008 211105s9999 xx 000 0 und d
020 _aVYASA01997
100 _aWayman Alex
245 0 _aBuddhist Insight
250 _a\N
260 _bMotilal banarsidass
_c\N
300 _a470p.
999 _c769
_d769